| 000 | 01303nam a2200229Ia 4500 | ||
|---|---|---|---|
| 003 | Ost | ||
| 005 | 20260507075348.0 | ||
| 008 | 260507s9999||||xx |||||||||||||| ||und|| | ||
| 020 | _a106422977 | ||
| 040 | _cfsecg | ||
| 041 | _aara | ||
| 082 | _a330 | ||
| 100 |
_aالبنا، محمد _eمؤلف |
||
| 245 | 0 |
_aقضايا إقتصادية معاصرة / _c محمد البنا |
|
| 260 |
_aالإسكندرية: _bالدار الجامعية, _c2009 |
||
| 300 |
_a257 صفحة؛ _bإيضاحات ؛ _c24 سم |
||
| 520 | _aالمنهج الإقتصادي والقضايا الإقتصادية المعاصرة- الإصلاح الإقتصادي والتكيف الهيكلي في مصر- العولمة ومنظمة التجارة الدولية- الشركات متعددة الجنسيات- جذور أزمة المديونية الخارجية- التحول من المديونية الخارجية الى الإستثمار الأجنبي المباشر- محددات وآثار الإستثمار الأجنبي المباشر- التعليم إستثمار في البشر- البحث العلمي في مصر- الحكومة والنشاط الإقتصادي | ||
| 653 | _aالإقتصاد | ||
| 653 | _aالإقتصاد المعاصر | ||
| 653 | _aالعولمة | ||
| 942 | _cكتاب | ||
| 999 |
_c44123 _d44123 |
||